000
00340nam a2200133Ia 4500
008
210716s1994 xx 000 0 und d
041
_a
eng
082
_a
382.9143 WATP
100
_a
waterhouse, Price.
245
_a
Doing business in Peru.
260
_a
U S A
_b
Price waterhouse
_c
1994
300
_a
130
650
_a
International Business
999
_c
199014
_d
199014